[Event "Sautron Retif op 0405"]
[Site "Sautron"]
[Date "2004.11.13"]
[Round "2"]
[White "Baudu, Michel"]
[Black "Walle, Jean Michel"]
[Result "0-1"]
[WhiteElo "1570"]
[BlackElo "1730"]
[PlyCount "46"]
[EventDate "2004.10.16"]
[EventType "swiss"]
[EventRounds "7"]
[EventCountry "FRA"]
[SourceTitle "EXT 2007"]
[Source "ChessBase"]
[SourceDate "2006.11.23"]
[SourceVersion "1"]
[SourceVersionDate "2006.11.23"]
[SourceQuality "1"]

1. e4 Nf6 2. e5 Nd5 3. d4 d6 4. f4 Bf5 5. Bd3 Bxd3 6. Qxd3 dxe5 7. fxe5 e6 8. Nf3 c5 9. c3 Be7 10. 0-0 Nc6 11. Nbd2 cxd4 12. cxd4 Ncb4 13. Qe4 Rc8 14. Nb3 0-0 15. a3 Nc2 16. Ra2 Qb6 17. Nbd2 f6 18. Kh1 fxe5 19. dxe5 Qb5 20. b3 Rf4 21. Qxf4 Nxf4 22. Bb2 Qe2 23. Rg1 Bc5 0-1